Miniprofil HŽ: Bratislavské gitarové kvarteto Miloš Slobodník (1971) - Miloš Tomašovič (1969) - Radka Kubrová (1972) - Martin Krajčo (1977)

Bibliographic Details
Main Author: Dohnalová, Lýdia (Author)
Format: Article
Language:Slovak
PhysicalDescription:Fotogr.
ISSN:1335-4140
Subjects:

MARC

LEADER 00000nab a2200000 a 4500
001 vtls000815164
003 SK-MaSNL
005 20260426082945.0
008 250429c2002 xo 0 slo
015 |a SNBRB2002/11-37822 
035 |a CLN000166819 
035 |a urn:nbn:sk:snk-ab21m8 
035 |a (urnnbn)urn:nbn:sk:snk:ar-a01ev7 
035 |a (uuid)18a86081-5edb-4d01-b174-e3be5ab9344f 
040 |a SNKBUCL  |b slo  |c SNKBUCL  |e AACR2 
041 0 |a slo 
044 |a xo  |c SK 
080 |a 78.071.2:785.74:787.61  |2 1997 
080 |a 787.61  |2 1997 
100 1 |a Dohnalová, Lýdia  |4 aut  |9 9297 
245 1 0 |a Miniprofil HŽ: Bratislavské gitarové kvarteto  |b Miloš Slobodník (1971) - Miloš Tomašovič (1969) - Radka Kubrová (1972) - Martin Krajčo (1977)  |c pripravila Lýdia Dohnalová 
300 |b Fotogr. 
600 1 7 |a Slobodník, Miloš,  |d 1971-  |2 snkbucl  |9 37340 
600 1 7 |a Tomašovič, Miloš,  |d 1969-  |2 snkbucl  |9 1436039 
600 1 7 |a Kubrová, Radka,  |d 1972-  |2 snkbucl  |9 1436040 
600 1 7 |a Krajčo, Martin,  |d 1977-  |2 snkbucl  |9 109314 
610 2 7 |a Bratislavské gitarové kvarteto  |2 SNKKA  |9 34962 
651 7 |a Bratislava (Slovensko)  |2 snkbucl  |9 14568 
655 7 |a články z novín a časopisov  |2 snkbucl  |9 267496 
773 0 |t Hudobný život  |g Roč. 34, č. 11 (2002), s. 7-8  |x 1335-4140 
850 |a Slovenská národná knižnica 
852 |a Slovenská národná knižnica 
954 |a odborná, vedecká literatúra pôvodná (slovenská)  |2 lita 
958 |a article27 
958 |a OND 
958 |a EUIPO 
992 |a RBX 
999 |c 2891821  |d 2893751